[Event "FRA-ch Blitz Online Qual"]
[Site "Europe Echecs INT"]
[Date "2020.05.16"]
[Round "12"]
[White "Carlier Bromberg, Paul"]
[Black "Ghazaryan, Gurgen"]
[Result "0-1"]
[WhiteElo "1790"]
[BlackElo "1403"]
[PlyCount "106"]
[EventDate "2020.05.16"]
[EventType "swiss (blitz)"]
[EventRounds "15"]
[EventCountry "FRA"]
[SourceTitle "CBM 196 Extra"]
[Source "ChessBase"]
[SourceDate "2020.07.31"]
[SourceVersion "1"]
[SourceVersionDate "2020.07.31"]
[SourceQuality "1"]

1. e4 c5 2. Nc3 d6 3. Nf3 Nf6 4. d4 cxd4 5. Nxd4 g6 6. Be2 Bg7 7. 0-0 0-0 8. Re1 Nc6 9. Nb3 a6 10. Bf1 Bg4 11. f3 Bd7 12. Nd5 Nxd5 13. exd5 Ne5 14. c3 b5 15. f4 Nc4 16. Bxc4 bxc4 17. Nd2 Qb6+ 18. Kh1 e6 19. Nxc4 Qc5 20. Qd3 exd5 21. Ne3 Rfe8 22. Bd2 Bc6 23. Nc2 Rab8 24. Rxe8+ Rxe8 25. Re1 Rxe1+ 26. Bxe1 Bb5 27. Qd2 Qc4 28. Ne3 Qxa2 29. Qxd5 Qxd5 30. Nxd5 f5 31. Nc7 Kf7 32. Nxb5 axb5 33. g3 Ke6 34. Kg2 Kd5 35. Kf3 Kc4 36. b3+ Kxb3 37. Ke3 Bxc3 38. Bf2 Kc4 39. Ke2 b4 40. Kd1 b3 41. Kc1 d5 42. Bb6 d4 43. Bc7 d3 44. Bd6 d2+ 45. Kd1 b2 46. Be5 b1Q+ 47. Ke2 Qe1+ 48. Kf3 d1Q+ 49. Kg2 Qde2+ 50. Kh3 Qg4+ 51. Kg2 Qee2+ 52. Kg1 Qh3 53. g4 Qhg2# 0-1

[Event "FRA-ch Blitz Online Qual"]
[Site "Europe Echecs INT"]
[Date "2020.05.16"]
[Round "5"]
[White "Ghazaryan, Gurgen"]
[Black "Van Hoolandt, Patrick"]
[Result "1-0"]
[WhiteElo "1403"]
[BlackElo "2063"]
[PlyCount "135"]
[EventDate "2020.05.16"]
[EventType "swiss (blitz)"]
[EventRounds "15"]
[EventCountry "FRA"]
[SourceTitle "CBM 196 Extra"]
[Source "ChessBase"]
[SourceDate "2020.07.31"]
[SourceVersion "1"]
[SourceVersionDate "2020.07.31"]
[SourceQuality "1"]

1. e4 e5 2. Nf3 Nc6 3. Bb5 Nf6 4. 0-0 Nxe4 5. d4 Nd6 6. Bxc6 dxc6 7. dxe5 Nf5 8. Qxd8+ Kxd8 9. Nc3 Ke8 10. Bg5 h6 11. Bf4 Be6 12. Rad1 Be7 13. Rd2 Bb4 14. Rfd1 g5 15. Bg3 Ke7 16. Nd4 Bxc3 17. bxc3 Rhd8 18. Nxe6 Rxd2 19. Rxd2 Kxe6 20. f4 gxf4 21. Bxf4 h5 22. Kf2 a5 23. h3 Rg8 24. a4 h4 25. Kf3 Ng3 26. Rd1 b6 27. c4 c5 28. c3 Nf5 29. Rd5 Ne7 30. Rd2 Nc6 31. g4 hxg3 32. Bxg3 Nxe5+ 33. Bxe5 Kxe5 34. Rd5+ Ke6 35. Rh5 Rg1 36. Ke4 Re1+ 37. Kd3 Ra1 38. Rh6+ Ke7 39. Rc6 Kd7 40. Rf6 Rxa4 41. Rxf7+ Kd6 42. Kc2 Ra2+ 43. Kb3 Rh2 44. Rh7 Kc6 45. h4 Kb7 46. h5 Ka6 47. Rh6 c6 48. Ka3 Rc2 49. Kb3 Rh2 50. Ka3 Rh3 51. Kb3 Rh4 52. Rh8 a4+ 53. Kxa4 Rxc4+ 54. Kb3 Rh4 55. h6 Kb5 56. h7 c4+ 57. Ka3 Rh3 58. Kb2 c5 59. Kc2 Rh2+ 60. Kb1 Ka4 61. Ra8+ Kb3 62. h8Q Rb2+ 63. Ka1 Rc2 64. Qh1 Kxc3 65. Qe1+ Kb3 66. Qd1 b5 67. Ra2 Kb4 68. Qxc2 1-0

[Event "FRA-ch Blitz Online Qual"]
[Site "Europe Echecs INT"]
[Date "2020.05.16"]
[Round "10"]
[White "Gratton, Alexandre"]
[Black "Ghazaryan, Gurgen"]
[Result "1-0"]
[WhiteElo "1792"]
[BlackElo "1403"]
[PlyCount "91"]
[EventDate "2020.05.16"]
[EventType "swiss (blitz)"]
[EventRounds "15"]
[EventCountry "FRA"]
[SourceTitle "CBM 196 Extra"]
[Source "ChessBase"]
[SourceDate "2020.07.31"]
[SourceVersion "1"]
[SourceVersionDate "2020.07.31"]
[SourceQuality "1"]

1. c4 c5 2. Nf3 d6 3. g3 Nf6 4. Bg2 g6 5. 0-0 Bg7 6. d4 cxd4 7. Nxd4 0-0 8. Nc3 Nc6 9. Nxc6 bxc6 10. Bxc6 Rb8 11. Bg2 Bb7 12. Nd5 Nxd5 13. cxd5 e5 14. dxe6 fxe6 15. Bxb7 Rxb7 16. Rb1 d5 17. b4 Qd6 18. a3 a5 19. Bf4 e5 20. Bd2 axb4 21. Bxb4 Qc6 22. Bxf8 Rxb1 23. Qxb1 Bxf8 24. Qb3 Kg7 25. Rd1 d4 26. a4 Qa6 27. Qb5 Qa8 28. a5 h5 29. Rb1 Kh6 30. a6 h4 31. Qb7 Qd8 32. a7 hxg3 33. hxg3 d3 34. exd3 Qxd3 35. a8Q Bc5 36. Qb3 Bxf2+ 37. Kxf2 Qd2+ 38. Kg1 Qd4+ 39. Kh2 Qd2+ 40. Qg2 Qd6 41. Qe3+ g5 42. Qh3+ Kg6 43. Rb6 Qxb6 44. Qxb6+ Kg7 45. Qd7+ Kf8 46. Qb8# 1-0